000
00330nam a2200145Ia 4500
100
_a
Fuchs/Ewald F
942
_c
RB
366
_f
25
245
_a
Power quality in power systems and electrical machines
260
_b
Academic Press
_c
2008
082
_a
621.31042
_b
FUC
300
_a
638
546
_a
ENGLISH
_c
TTL
999
_c
21060
_d
21060